Countries bigger than Chile- Sudden Death - Statistics

General Stats
  • This quiz has been taken 17 times
  • The average score is 6 of 15
Answers on the Grid
Answers color-coded by a green-red scale on the quiz's grid according to % correct below.
Zambia
Spain
Central African Republic
Turkey
Mozambique
Namibia
Madagascar
Myanmar
Pakistan
Venezuela
France
Nigeria
South Sudan
Tanzania
Egypt
Botswana
Mauritania
Bolivia
Afghanistan
Ethiopia
Yemen
Turkmenistan
Colombia
Ukraine
South Africa
Thailand
Kenya
Mali
Somalia
Angola
 
Answer Stats
Answer % Correct
Turkey
64%
Ethiopia
50%
Egypt
43%
Mauritania
43%
Mozambique
43%
Mali
36%
Nigeria
36%
Pakistan
36%
Tanzania
36%
Angola
29%
Bolivia
29%
Colombia
29%
South Africa
29%
Venezuela
29%
Namibia
21%
No matching quizzes found
Score Distribution
Percent of People with Each Score
Percentile by Number Answered
Your Score History
You have not taken this quiz